Magneto-štruktúrne D korelácie v komplexoch prechodných kovov habilitačná práca
Enregistré dans:
| Auteur principal: | |
|---|---|
| Format: | Livre |
| Langue: | slovaque |
| Publié: |
Bratislava
STU FCHPT
2013
|
| Accès en ligne: | Voir à l'OPAC |
| Tags: |
Pas de tags, Soyez le premier à ajouter un tag!
|
MARC
| LEADER | 00000nam a2200000 a 4500 | ||
|---|---|---|---|
| 005 | 20260127134258.0 | ||
| 008 | 150303 2013 000 0 slo d | ||
| 035 | |a vtls010658215 | ||
| 039 | 9 | |a 202005210911 |b AUTHORITY |y 201503031111 |z mschk03 | |
| 040 | |a STUSCHK1 |b slo |c STUSCHK1 |e AACR2 | ||
| 100 | 1 | |a Titiš, Ján, |d 1979- |9 165 | |
| 245 | 1 | |a Magneto-štruktúrne D korelácie v komplexoch prechodných kovov |b habilitačná práca |c Ján Titiš | |
| 260 | |a Bratislava |b STU FCHPT |c 2013 | ||
| 300 | |a 25 s. |b il. |c 30 cm | ||
| 500 | |a Obhájené: 25.2.2014 | ||
| 910 | |a SCHK95 | ||
| 999 | |c 8593 |d 8593 | ||